TEXTBOOK OFBIOCHEMISTRY (Record no. 15927)

MARC details
000 -LEADER
fixed length control field 00418nam a22001937a 4500
003 - CONTROL NUMBER IDENTIFIER
control field OSt
005 - DATE AND TIME OF LATEST TRANSACTION
control field 20211029154214.0
008 - FIXED-LENGTH DATA ELEMENTS--GENERAL INFORMATION
fixed length control field 211029b |||||||| |||| 00| 0 eng d
020 ## - INTERNATIONAL STANDARD BOOK NUMBER
International Standard Book Number 9788123914145
040 ## - CATALOGING SOURCE
Transcribing agency HU
050 ## - LIBRARY OF CONGRESS CALL NUMBER
Classification number 1
082 ## - DEWEY DECIMAL CLASSIFICATION NUMBER
Edition number 4TH/ED
Classification number 572/SIN
100 ## - MAIN ENTRY--PERSONAL NAME
Personal name S.P. SINGH
9 (RLIN) 900
245 ## - TITLE STATEMENT
Title TEXTBOOK OFBIOCHEMISTRY
250 ## - EDITION STATEMENT
Edition statement 1
260 ## - PUBLICATION, DISTRIBUTION, ETC.
Name of publisher, distributor, etc. CBS
Date of publication, distribution, etc. 2007
300 ## - PHYSICAL DESCRIPTION
Extent 897
942 ## - ADDED ENTRY ELEMENTS (KOHA)
Source of classification or shelving scheme Dewey Decimal Classification
Koha item type Books like text book referance book
Suppress in OPAC No
Holdings
Withdrawn status Lost status Source of classification or shelving scheme Damaged status Not for loan Home library Current library Date acquired Total Checkouts Full call number Barcode Date last seen Copy number Price effective from Koha item type
    Dewey Decimal Classification     Natural & Computational Science Library Natural & Computational Science Library 10/29/2021   572/SIN NSCLIB00006371 10/29/2021 4 10/29/2021 Books like text book referance book